| 000 | 02279cam a2200613 a 4500 | ||
|---|---|---|---|
| 001 | 20205 | ||
| 003 | VRT | ||
| 005 | 20260119121555.0 | ||
| 008 | 240226s1980 xo oa grn 001 0 slo | ||
| 015 | _aSNBA1980 | ||
| 020 | _q(viazané) | ||
| 035 | _aSNK000052715 | ||
| 035 | _aA7FC8CAA-13B1-44BB-8E24-D3F0235A213A | ||
| 035 | _aurn:nbn:sk:snk-am00iiet | ||
| 039 | 9 |
_a202402261456 _bVLOAD _c202305011819 _dVLOAD _c202304281420 _dVLOAD _c202304281055 _dVLOAD |
|
| 040 |
_aSNK _bslo _cSNK _eAACR2 |
||
| 041 | 1 |
_aslo _hcze |
|
| 044 |
_axo _cSK |
||
| 072 | 7 |
_a635 _xZáhradkárstvo _2konspekt |
|
| 080 |
_a635.966.2:712.42(035.3) _21981 |
||
| 080 |
_a712.42(035.3) _21981 |
||
| 080 |
_a712.42 _21981 |
||
| 080 |
_a635.966.2(035.5) _21981 |
||
| 080 |
_a635.923 _22011 |
||
| 080 |
_a635.9 _22011 |
||
| 080 |
_a635.9.018 _22011 |
||
| 080 |
_a(048.8) _22011 |
||
| 100 | 1 |
_aČejka, Gustáv, _d1914-1999 _4aut |
|
| 245 | 1 | 0 |
_aSkalka, zakladanie a ošetrovanie _cG. Čejka, V. Vaněk ; [časť od kapitoly Miniskalky preložila z českého originálu Eva Braunová] |
| 250 | _a1. vyd. | ||
| 260 |
_aBratislava _bPríroda _c1980 _eBratislava _fPolygrafické závody |
||
| 300 |
_a285 strán _bfotografie (niektoré farebné), ilustrácie _c25 cm |
||
| 366 | _e27000 výtl. | ||
| 490 | 1 | _aRastlinná výroba. Knižnica záhradkára | |
| 500 | _aRozložená titulná strana | ||
| 504 | _aBibliografia na strane 237. Latinský a slovenský register | ||
| 650 | 0 | 7 |
_aokrasné rastliny _2SNKPH |
| 650 | 0 | 7 |
_apestovanie okrasných rastlín _2SNKPH |
| 650 | 0 | 7 |
_askalky _2SNKPH |
| 655 | 7 |
_amonografie _2SNKPH |
|
| 700 | 1 |
_aVaněk, Vlastimil, _d1918-1999 _4aut |
|
| 700 | 1 |
_aBraunová, Eva, _d1946- _4trl |
|
| 830 | 0 |
_aRastlinná výroba _pKnižnica záhradkára |
|
| 910 | _asnk | ||
| 942 |
_2ddc _cOLDO _n0 |
||
| 949 |
_617A0102882 _asnkSC 49474 D1 |
||
| 949 |
_6273K0137075 _asvkpoB 46804 _bsvkpo271809 |
||
| 949 |
_617A0825883 _asnkSC 49474 _bsnkKSP 4971/80 _s6100:20220527 |
||
| 949 |
_6270001000076929 _asvkbbB 6894 _bsvkbbm 376634 _p376.634 |
||
| 949 |
_6270001000076930 _asvkbbB 6894 _bsvkbbm 376633 _p376.633 |
||
| 949 |
_6270001000171629 _asvkbbB 6894 _bsvkbbm 372917 _p372.917 |
||
| 949 |
_64710708583 _astrmkH 635 _bstrmk2008/8583 |
||
| 999 |
_c20205 _d20205 |
||